000 00575cam a2200217 4500
001 D6385
008 090401t1983 xxu||||| |||| 00| 0 eng d
035 _a(Sirsi) u528
041 _aeng
050 _a711.140971
100 _aKnetsch, Jack L
245 _aProperty rights and compensation: compulsory acquisition and other losses
260 _aToronto
_bButterworths
_c1983
300 _aix. 181p. 23cm
350 _a26.6
490 _aStudies in Law and Economics
650 _aCANADA
650 _aCompulsory purchase
_96228
942 _n0
948 _c04/03/1997
999 _c85569
_d85569